00711nam a2200181Ia 4500003000900000008004100009040001600050080001700066100003000083245015500113260005500268300001800323650002400341650002400365942000700389999001500396952011800411IN-BaIIA211028s9999 xx 000 0 eng d cIIA Library a(035)54bMOD aHodgman Charles, D.93882 0aHandbook of chemistry and physicsba ready reference book of chemical and physical data.cD. Hodgman Charles  aOhiobThe Chemical Rubber Publishing Companyc1961 axxiii, 3513p. aChemical Data93883 aPhysical Data93884 cBK c2066d2066 00104070aBANbBANcGENd0000-00-00g54.00l0o(035)54/ MODp2312r2021-11-05v54.00w0000-00-00yBKGRs. 54.00